000 00692nam a2200229 u 4500
005 20230310063621.0
008 131010s2010 r 000 0 eng d
020 _a9788484416098
035 _aUPN01000193672
049 _aCG
050 4 _aPR6056 O7.3
_bN5.6
100 1 _aForester, Victoria
_934526
245 1 3 _aLa niña que podía volar /
_cVictoria Forester ; tr. Matuca Fernández de Villavicencio.
260 _aBarcelona, Esp. :
_bMontena,
_c2010.
300 _a285 p.
440 0 _aInfinita
534 _pTítulo original:
_tThe girl who could fly
650 4 _aNovela inglesa
_94471
650 0 _aLiteratura juvenil inglesa
_912778
905 _aLibro
999 _c165773
_d165773